Sustentabilidades e participação: O papel dos executivos municipais no envolvimento das papulaçôes = Sustainability and participation : The role of two municipal executives in involvement of the populations /

En base a algunos resultados preliminares de una indagación en los municipios portugueses, este artículo discute y analiza las condiciones de participación en iniciativas de sustentabilidad de corte municipal en Portugal. Las señales de ciudadanía participativa en la sociedad portuguesa, en términos...

Deskribapen osoa

Gorde:
Xehetasun bibliografikoak
Egile nagusia: Guerra, João
Formatua: Texto
Gaiak:
Etiketak: Etiketa erantsi
Etiketarik gabe, Izan zaitez lehena erregistro honi etiketa jartzen!

MARC

LEADER 00000 a a2200000 04500
001 40642
003
040
100 |a Guerra, João  
245 |a Sustentabilidades e participação: O papel dos executivos municipais no envolvimento das papulaçôes =   |b Sustainability and participation : The role of two municipal executives in involvement of the populations /  |c João Guerra  
500 |a Joao.Guerra@ics.ul.pt  
520 |a En base a algunos resultados preliminares de una indagación en los municipios portugueses, este artículo discute y analiza las condiciones de participación en iniciativas de sustentabilidad de corte municipal en Portugal. Las señales de ciudadanía participativa en la sociedad portuguesa, en términos de la participación en los mecanismos e instituciones de la propia democracia representativa, no pueden disociarse de las nuevas condiciones socioeconómicas que surgen con la revolución de 1974 (institucionalidad del estado de derecho democrático, integración a la Comunidad Europea, inserción en la vida político económica internacional).  
590 |a RRA/ENERO2011  
650 |a GOBERNABILIDAD  
650 |a PARTICIPACION POLITICA  
650 |a GOBIERNO LOCAL  
650 |a PORTUGAL  
650 |a DEMOCRATIZACION  
773 |g volumen18, número4 (2009), páginas 605-625 : tablas, gráficos  
999 |c 24765  |d 24765